La integración de la terapia experiencial y la terapia breve : un manual para terapeutas y consejeros : cómo realizar brevemente una terapia profunda y cómo realizar profundamente una terapia breve /

Bibliographic Details
Main Author: Jaison, Bala (Author)
Other Authors: Castanyer Mayer-Spiess, Olga, 1962- (Translator, contributor agent of text,)
Format: Electronic eBook
Language:Spanish
English
Published: Bilbao : Desclée De Brouwer, 2014.
Series:Colección Serendipity ; 120.
Subjects:
Online Access:Digitalia Hispánica

MARC

LEADER 00000nam a2200000 i 4500
001 DIGDESCL0115
003 NyNyDIG
006 m o d
007 cr |||||||||||
008 231119s2014 sp ob 000 0 spa d
035 |a (OCoLC)1410557121 
040 |a DGITA  |b eng  |e rda  |e pn  |c DGITA 
020 |a 9788433036971  |q eBook 
041 1 |a spa  |h eng 
050 1 4 |a RC489.E96 ebook 
100 1 |a Jaison, Bala,  |e author. 
240 1 0 |a Integrating experiential and bried therapy.  |l Spanish  |s (Castanyer Mayer-Spiess) 
245 1 3 |a La integración de la terapia experiencial y la terapia breve :  |b un manual para terapeutas y consejeros : cómo realizar brevemente una terapia profunda y cómo realizar profundamente una terapia breve /  |c Bala Jaison, Ph.D. ; prólogo de Olga Castanyer ; traducción, Olga Castanyer. 
264 1 |a Bilbao :  |b Desclée De Brouwer,  |c 2014. 
300 |a 1 online resource. 
336 |a text  |b txt  |2 rdacontent 
337 |a computer file  |b c  |2 rdamedia 
338 |a online resource  |b cr  |2 rdacarrier 
347 |a text file  |2 rdaft 
347 |b EPUB 
490 1 |a Colección Serendipity ;  |v 120 
500 |a "Crecimiento personal"--Cover. 
504 |a Includes bibliographical references. 
588 0 |a Online resource; title from ePub title page (Digitalia, viewed November 19, 2023) 
650 0 |a Experiential psychotherapy. 
650 0 |a Brief psychotherapy. 
650 0 |a Psychotherapy. 
700 1 |a Castanyer Mayer-Spiess, Olga,  |d 1962-  |e contributor agent of text,  |e translator. 
700 1 |i Translation of:  |a Jaison, Bala.  |t Integrating experiential and bried therapy. 
791 2 |a Digitalia (Firm),  |e distributor. 
793 0 |g Digitalia eBook Collection:  |a Editorial Desclée De Brouwer 
830 0 |a Colección Serendipity ;  |v 120. 
856 4 0 |3 Digitalia Hispánica  |u https://www.digitaliapublishing.com/a/84182/ 
910 |a Premium collection: 2023